Normal view MARC view

Entry Nombre personal

Number of records used in: 3

001 - NÚMERO DE CONTROL

  • campo de control: 153832

003 - IDENTIFICADOR DE NÚMERO DE CONTROL

  • campo de control: SpMaBN

005 - FECHA Y HORA DE LA ÚLTIMA TRANSACCIÓN

  • campo de control: 20230910204434.0

008 - ELEMENTOS DE DATO DE LONGITUD-FIJA

  • campo de control de longitud fija: 060201n| aijnnaaba |a aaa

016 ## - NÚMERO DE CONTROL DE UNA AGENCIA BIBLIOGRÁFICA NACIONAL

  • Número de control del registro: BNE20060242266

024 7# - IDENTIFICADOR DE OTROS ESTÁNDARES

  • Número estándar o código: http://www.wikidata.org/entity/Q47497400
  • Fuente: wikidata

024 7# - IDENTIFICADOR DE OTROS ESTÁNDARES

  • Número estándar o código: http://viaf.org/viaf/8945646/
  • Fuente: viaf

024 7# - IDENTIFICADOR DE OTROS ESTÁNDARES

  • Número estándar o código: https://isni.org/isni/0000000061267842
  • Fuente: isni

040 ## - FUENTE DE CATALOGACIÓN

  • Centro catalogador/agencia de origen: SpMaBN
  • Lengua de catalogación: spa
  • Centro/agencia transcriptor: SpMaBN
  • Normas de descripción: rdc
  • Convención/Normas de encabezamiento de materia/tesauro: embne

046 ## - FECHAS CON CODIFICACIÓN ESPECIAL

  • Fecha de nacimiento: 1828
  • Fecha de la muerte: 1898

100 1# - ENCABEZAMIENTO-NOMBRE DE PERSONA

  • Nombre de persona: Canga Argüelles, José,
  • Fechas asociadas al nombre: 1828-1898

370 ## - LUGAR ASOCIADO

  • Lugar de nacimiento: España, Andalucía, Granada (Provincia), Granada

370 ## - LUGAR ASOCIADO

  • Lugar de fallecimiento: España, Madrid (Comunidad Autónoma), Madrid

373 ## - GRUPO ASOCIADO

  • Grupo asociado: Ateneo de Madrid
  • Fuente de información: Cargos históricos del Ateneo de Madrid 1835-1936 (Archivo del Ateneo)

374 ## - OCUPACIÓN

  • Ocupación: Abogados
  • Ocupación: Periodistas
  • Ocupación: Políticos

375 ## - GÉNERO/SEXO

  • Género: Masculino

377 ## - IDIOMA ASOCIADO

  • Código del idioma: spa
  • Término de lengua/lenguaje: Español

400 1# - TRAZADO DE VÉASE--NOMBRE DE PERSONA

  • Nombre de persona: Canga Argüelles y Villalba, José María,
  • Fechas asociadas al nombre: 1828-1898

670 ## - FUENTE DE DATOS ENCONTRADOS

  • Cita de la fuente: La Iglesia Católica y la revolución, 1860
  • Información encontrada: port. (José Canga Argüelles)

670 ## - FUENTE DE DATOS ENCONTRADOS

  • Cita de la fuente: Un hacendista asturiano: José Canga Argüelles, 1995
  • Información encontrada: p. 29 (José María Canga Argüelles y Villalba, nieto de José Canga Argüelles y Cifuentes; n. 1828 en Granada, m. 1898; periodista y político; director de "La Regeneración")

670 ## - FUENTE DE DATOS ENCONTRADOS

  • Cita de la fuente: Espasa
  • Información encontrada: (Canga Argüelles y Villalta [sic], José; político y publicista; n. 1828 en Granada, m. 1898; nieto del famoso hacendista de su nombre)

670 ## - FUENTE DE DATOS ENCONTRADOS

  • Cita de la fuente: WWW Wikipedia, 03-9-2022
  • Información encontrada: (José María de Canga-Argüelles y Villalba, II conde de Canga-Argüelles, Granada, 1828 - Madrid, 1898 fue un abogado, periodista y político español)

670 ## - FUENTE DE DATOS ENCONTRADOS

  • Cita de la fuente: WWW BN España aut., 10/09/2023
  • Información encontrada: (Canga Argüelles, José, 1828-1898)

678 ## - DATOS BIOGRÁFICOS O HISTÓRICOS

  • Datos biográficos o históricos: Socio del Ateneo de Madrid. Secretario de la Sección de Literatura y Bellas Artes en 1851-54
  • Ampliación de la nota: Fuente: Cargos históricos del Ateneo de Madrid 1835-1936 (Archivo del Ateneo)